| 000 -CABECERA |
| Campo de control de longitud fija |
00713nas a22002057a 4500 |
| 008 - CAMPO FIJO DE DESCRIPCIÓN FIJA--INFORMACIÓN GENERAL |
| Campo de control de longitud fija |
130704d19921997- mn||| |||| 00| 0 spa d |
| 022 ## - ISSN (INTERNATIONAL STANDARD SERIAL NUMBER) |
| ISSN |
0965-3821 (paper) |
| 245 00 - MENCIÓN DE TÍTULO |
| Título |
Information world en español |
| 246 #0 - FORMA VARIANTE DEL TÍTULO |
| Título propiamente dicho/forma breve del título |
IWE |
| 246 #0 - FORMA VARIANTE DEL TÍTULO |
| Título propiamente dicho/forma breve del título |
Information World |
| 260 ## - PUBLICACIÓN, DISTRIBUCIÓN, ETC (PIE DE IMPRENTA) |
| Lugar de publicación, distribución, etc. |
Oxford |
| Nombre del editor, distribuidor, etc. |
Learned Information |
| Fecha de publicación, distribución, etc. |
1992-1997 |
| 300 ## - DESCRIPCIÓN FÍSICA |
| Extensión |
v. |
| Dimensiones |
cm. |
| 310 ## - PERIODICIDAD ACTUAL DE LA PUBLICACIÓN |
| Frecuencia actual de la publicación |
Mensual |
| 362 ## - DATOS DE LA PUBLICACIÓN Y/O DESIGNACIÓN SECUENCIAL |
| Fechas de publicación y/o designación secuencial |
No. 1 (feb. 1992)-vol. 6, no. 12 (dic. 1997) |
| 500 ## - NOTA GENERAL |
| Nota general |
Continuada per: El profesional de la información |
| 650 04 - ASIENTO SECUNDARIO DE MATERIA--TÉRMINO DE MATERIA |
| 9 (RLIN) |
4578 |
| Nombre de materia o nombre geográfico como elemento de entrada |
Comunicació en biblioteconomia |
| 650 04 - ASIENTO SECUNDARIO DE MATERIA--TÉRMINO DE MATERIA |
| 9 (RLIN) |
4579 |
| Nombre de materia o nombre geográfico como elemento de entrada |
Comunicació en ciències de la informació |
| 856 40 - ACCESO ELECTRÓNICO |
| Identificador uniforme del recurso URI |
<a href="http://www.elprofesionaldelainformacion.com/contenidos.html">http://www.elprofesionaldelainformacion.com/contenidos.html</a> |
| Texto del enlace |
Disponible en línia |
| 942 ## - ELEMENTOS KOHA |
| Fuente de clasificación o esquema de ordenación en estanterías |
|
| Koha tipo de item |
Publicacions periòdiques |